Jeppy na flagach województw - Statystyki

Ogólne statystyki
  • Ten quiz został rozwiązany 591 razy
  • Średni wynik to 7 z 10
Statystyki odpowiedzi
Obrazkowy Odpowiedź % Poprawnych
Opolskie
82%
Dolnośląskie
80%
Lubuskie
78%
Podlaskie
77%
Śląskie
76%
Małopolskie
74%
Mazowieckie
73%
Kujawsko-pomorskie
72%
Podkarpackie
72%
Łódzkie
70%
Lubelskie
70%
Pomorskie
70%
Świętokrzyskie
70%
Warmińsko-mazurskie
66%
Wielkopolskie
66%
Zachodniopomorskie
66%
Nie znaleziono quizów pasujących do podanych kryteriów
Rozkład punktacji
Procent ludzi z każdym wynikiem
Percentyl według liczby udzielonych odpowiedzi
Twoja historia wyników
Nie rozwiązałeś tego quizu